Die meist aufgerufesten Wikipedia Seiten über Länder (2023) - Statistiken

Allgemein
  • Dieses Quiz wurde 151 mal gespielt
  • Das Durchschnittsergebnis liegt bei 15 aus 20
Antwortstatistiken
Aufrufe 2023 Antwort % Korrekt
4.911.000 Deutschland
98%
1.676.000 Russland
98%
1.791.000 Vereinigte Staaten
98%
912.000 VR China
94%
1.123,000 Frankreich
93%
998.000 Italien
92%
1.579.000 Ukraine
86%
897.000 Australien
83%
3.152.000 Israel
81%
1.561.000 Schweiz
81%
913.000 Vereinigtes Königreich
81%
930.000 Polen
79%
1.581.000 Österreich
77%
883.000 Indien
74%
891.000 Niederlande
73%
802.000 Schweden
72%
1.940.000 Palästina
67%
895.000 Kroatien
35%
820.000 Kosovo
14%
869.000 Republik Moldau
5%
Keine übereinstimmenden Quizze gefunden
Verteilung der Resultate
Anzahl Personen mit jedem Resultat
Perzentil nach korrekt beantworteten Fragen
Ihre Resultats-Entwicklung
Sie haben dieses Quiz noch nicht gespielt